书目信息 |
| 题名: |
百年不倒问(二)活法新概念:走出困惑
|
|
| 作者: | 文浩 编著 | |
| 分册: | ||
| 出版信息: | 西安 陕西旅游出版社 2000.03 |
|
| 页数: | 337页 | |
| 开本: | 32开 | |
| 丛书名: | ||
| 单 册: | ||
| 中图分类: | C912 | |
| 科图分类: | ||
| 主题词: | 社会结构 , 社会关系 | |
| 电子资源: | ||
| ISBN: | 7-5418-1390-7 | |
| 000 | 00618nam0 2200205 45 | |
| 001 | 0010211543 | |
| 005 | 20001021154655.1 | |
| 010 | @a7-5418-1390-7@d18.70元 | |
| 100 | @a20001021d2000 km y0chiy0120 ea | |
| 101 | 0 | @achi |
| 105 | @a z 000yy | |
| 200 | 1 | @a百年不倒问(二)活法新概念:走出困惑@ABai Nian Bu Dao Wen(Er)Huo Fa Xin Gai Nian:Zou ChuKun Huo@f文浩 编著@FWen Hao Bian Zhu |
| 210 | @a西安@c陕西旅游出版社@d2000.03 | |
| 215 | @a337页@d32开 | |
| 606 | 0 | @a社会结构 |
| 606 | 0 | @a社会关系 |
| 690 | @aC912@v3 | |
| 701 | 0 | @a文浩@4编著 |
| 801 | @aCN@bPftUser@c20001021 | |
| 905 | @dC912@eW.138@b180318-319@f2 | |
| 百年不倒问(二)活法新概念:走出困惑/文浩 编著.-西安:陕西旅游出版社,2000.03 |
| 337页;32开 |
| ISBN 7-5418-1390-7:18.70元 |
| ● |
| 相关链接 |
|
|
|
正题名:百年不倒问(二)活法新概念:走出困惑
索取号:C912/W.138
 
预约/预借
| 序号 | 登录号 | 条形码 | 馆藏地/架位号 | 状态 | 备注 |
| 1 | 180318 | 201803183 | 社科库509/ [索取号:C912/W.138] | 在馆 | |
| 2 | 180319 | 201803192 | 社科库509/ [索取号:C912/W.138] | 在馆 |